| 000 | 00589nam a2200169 a 4500 | ||
|---|---|---|---|
| 005 | 20140412111330.0 | ||
| 008 | 030110s19uu xx 00 eng d | ||
| 020 | _a0-8499-8132-8 | ||
| 050 |
_aTR(GS) 306.874 _bW755 1980 |
||
| 100 | _aWilt, Joy | ||
| 245 |
_aA kid's guide to understanding parents : _ba children's book about parent-child relationships / _cJoy Wilt ; illustrations by Hergie. |
||
| 260 |
_aWaco, Texas : _bEducation Products Division, _c1980. |
||
| 300 | _a128 p. ; ill. | ||
| 440 | _aThe Ready-Set-Grow Series | ||
| 650 | _aParent-child relationships | ||
| 999 |
_c104861 _d104861 |
||